Cuánto cuesta tu proyecto?: Una mirada financiera en proyectos deportivos. Conceptos, definiciones y ejercicios

Збережено в:
Бібліографічні деталі
Автори: Torres Olivares, Ricardo (Автор), Cruces Bustamante, Valeria (Автор)
Формат: Книга
Мова:Іспанська
Опубліковано: Temuco Universidad de la Frontera 2005
Редагування:1a. ed
Предмети:
Теги: Додати тег
Немає тегів, Будьте першим, хто поставить тег для цього запису!

MARC

LEADER 00000nam a2200000 a 4500
001 UCH2642
003 CL-VaPUC
008 090618e20050000CL |||||||||||||||||spa|d
020 |a 9562361748 
082 0 4 |a 796  |b TOR  |2 21 
100 0 |a Torres Olivares, Ricardo  |e author  |9 537613 
700 0 |a Cruces Bustamante, Valeria  |e author  |9 537614 
245 1 0 |a Cuánto cuesta tu proyecto?: Una mirada financiera en proyectos deportivos. Conceptos, definiciones y ejercicios 
250 |a 1a. ed 
300 |a 150 p 
942 |c BK 
945 |d 20090618 00:00:00  |a dcastane 
260 |a Temuco  |b Universidad de la Frontera  |c 2005 
650 0 |a Administración deportiva  |9 395882 
650 7 |a GESTION DEPORTIVA  |2 CL-VaPUC  |9 462479 
651 7 |a CHILE  |2 CL-VaPUC  |9 537615 
583 |a last modification  |c 20090618 00:00:00  |k Rodrigo Vera 
999 |c 334364  |d 334362 
952 |0 0  |1 0  |4 0  |6 796_000000000000000_TOR_2005  |7 0  |8 A  |9 423342  |a BIBEDU  |b BIBEDU  |d 2019-11-22  |i 456328K  |o 796 TOR 2005  |p 456328K  |r 2019-11-22  |w 2019-11-22  |y BK  |k EFI 
952 |0 0  |1 0  |4 0  |6 796_000000000000000_TOR_2005  |7 0  |8 A  |9 423343  |a BIBEDU  |b BIBEDU  |d 2019-11-22  |i 4563298  |o 796 TOR 2005  |p 4563298  |r 2019-11-22  |w 2019-11-22  |y BK  |k EFI 
952 |0 0  |1 0  |4 0  |6 796_000000000000000_TOR_2005  |7 0  |8 A  |9 423344  |a BIBEDU  |b BIBEDU  |d 2019-11-22  |i 4563301  |o 796 TOR 2005  |p 4563301  |r 2019-11-22  |w 2019-11-22  |y BK  |k EFI 
952 |0 0  |1 0  |4 0  |6 796_000000000000000_TOR_2005  |7 0  |8 A  |9 423345  |a BIBEDU  |b BIBEDU  |d 2019-11-22  |i 456331K  |o 796 TOR 2005  |p 456331K  |r 2019-11-22  |w 2019-11-22  |y BK  |k EFI